Derecho penal y criminalística : XII Jornadas sobre Justicia Penal /
Gorde:
| Erakunde egilea: | |
|---|---|
| Beste egile batzuk: | , |
| Formatua: | Conference Proceeding eBook |
| Hizkuntza: | gaztelania |
| Argitaratua: |
Ciudad de México :
Instituto de Investigaciones Jurídicas - UNAM,
2012.
|
| Saila: | Estudios Jurídicos ;
208. |
| Gaiak: | |
| Sarrera elektronikoa: | https://elibro.unach.elogim.com/es/lc/unach/titulos/273899 |
| Etiketak: |
Etiketa erantsi
Etiketarik gabe, Izan zaitez lehena erregistro honi etiketa jartzen!
|
MARC
| LEADER | 00000nam a2200000 i 4500 | ||
|---|---|---|---|
| 001 | ELB273899 | ||
| 003 | FINmELB | ||
| 005 | 20241022160015.0 | ||
| 006 | m o d | | ||
| 007 | cr cnu|||||||| | ||
| 008 | 240929s2012 mx o 001 0 spa d | ||
| 020 | |a 9786070237089 |q (e-book) | ||
| 035 | |a (OCoLC)1463443723 | ||
| 040 | |a FINmELB |b spa |e rda |c FINmELB | ||
| 050 | 4 | |a HV6026.S7 |b D431 2012 | |
| 080 | |a 343.9(720) | ||
| 082 | 0 | 4 | |a 364 |2 23 |
| 245 | 0 | 0 | |a Derecho penal y criminalística : |b XII Jornadas sobre Justicia Penal / |c Sergio García Ramírez, Olga Islas de González Mariscal (coordinadores). |
| 264 | 1 | |a Ciudad de México : |b Instituto de Investigaciones Jurídicas - UNAM, |c 2012. | |
| 300 | |a 1 recurso en línea (203 páginas) | ||
| 336 | |a texto |b txt |2 rdacontent/spa | ||
| 337 | |a computadora |b c |2 rdamedia/spa | ||
| 338 | |a recurso en línea |b cr |2 rdacarrier/spa | ||
| 490 | 1 | |a Estudios Jurídicos ; |v 208 | |
| 500 | |a Incluye índice. | ||
| 588 | |a Descripción basada en metadatos suministrados por el editor y otras fuentes. | ||
| 590 | |a Recurso electrónico. Santa Fe, Arg.: elibro, 2024. Disponible vía World Wide Web. El acceso puede estar limitado para las bibliotecas afiliadas a elibro. | ||
| 650 | 4 | |a Criminología. | |
| 650 | 4 | |a Derecho penal |z México. | |
| 655 | 4 | |a Libros electrónicos. | |
| 700 | 1 | |a García Ramírez, Sergio, |e coordinador. | |
| 700 | 1 | |a González Mariscal, Olga Islas de, |e coordinadora. | |
| 711 | 2 | |a Jornadas sobre Justicia Social |n (XII : |d 2012), |j memorias. | |
| 797 | 2 | |a elibro, Corp. | |
| 830 | 0 | |a Estudios Jurídicos ; |v 208. | |
| 856 | 4 | 0 | |u https://elibro.unach.elogim.com/es/lc/unach/titulos/273899 |